Racionalizace informačních soustav učební texty dálkového a internátního kursu

Guardado en:
Detalles Bibliográficos
Autor principal: Laitl, Jan
Formato: Libro
Lenguaje:checo
Publicado: Praha Dům techn. ČSVTS 1987
Edición:1. vyd.
Etiquetas: Agregar Etiqueta
Sin Etiquetas, Sea el primero en etiquetar este registro!

MARC

LEADER 00000nam a2200000 4500
001 c039854
005 20221219103257.2
041 0 |a cze 
044 |a CZ 
245 1 0 |a Racionalizace informačních soustav  |b učební texty dálkového a internátního kursu  |c Sprac. Jan Laitl 
250 |a 1. vyd. 
264 1 |a Praha  |b Dům techn. ČSVTS  |c 1987 
300 |a 301 s. 
100 1 |a Laitl, Jan